| 000 | 00443nam a2200181Ia 4500 | ||
|---|---|---|---|
| 001 | 15369 | ||
| 005 | 20260306170151.0 | ||
| 008 | 260306t2000||||xx |||||||||||||| ||und|| | ||
| 041 | _aESP | ||
| 082 |
_a536.7 _bS17P |
||
| 100 |
_aSala Lizarraga, José María _eAUT |
||
| 245 | 0 | _aProblemas de termodinámica aplicada | |
| 260 | _c2000 | ||
| 300 |
_a433 páginas : _c30 cm. |
||
| 650 | _aGEN | ||
| 654 | _aCCN | ||
| 942 |
_cLIB _dJUS _fJUS _2ddc _n |
||
| 999 |
_c15369 _d15369 |
||